Colombia vs. Argentina - Statistics

General Stats
  • This quiz has been taken 37 times
  • The average score is 12 of 15
Answer Stats
Question Answer % Correct
Is crossed by the Amazon River. Colombia
100%
Has hosted the World Cup. Argentina
94%
Is known for a dish called arepas. Colombia
94%
Is the birthplace of Che Guevara. Argentina
89%
Has more than 100 species of hummingbirds. Colombia
89%
Is known for its emerald mines. Colombia
89%
Is known for Tango. Argentina
83%
Has more citizens playing in LaLiga. Argentina
78%
Has a higher population. Colombia
78%
Has a higher GDP per capita. Argentina
72%
Has the highest peak outside of Asia. Argentina
72%
Has a cathedral made of salt. Colombia
72%
Has a capital city whose name is of Christian origins. Argentina
67%
Borders 5 countries. Both
50%
The Andes Mountains cross through it. Both
44%
No matching quizzes found
Score Distribution
Percent of People with Each Score
Percentile by Number Answered
Your Score History
You have not taken this quiz